| 000 | 00755 a2200277 4500 | ||
|---|---|---|---|
| 502 | _aThèse de Doctorat | ||
| 260 | _aWageningen | ||
| 653 | 1 | _aAgronomie | |
| 100 | _aBRUIN, Eric C. de | ||
| 041 | _bEn | ||
| 260 | _bUniversité de Wageningen | ||
| 300 | _a110 p. | ||
| 245 | _aRecombinant gelatin and collagen from methylotrophyc yeasts | ||
| 650 | _aMETHYLOTROPHIC YEAST | ||
| 650 | _aCOLLAGEN | ||
| 650 | _aGELATIN | ||
| 260 | _c15 Mars 2002 | ||
| 300 | _bIll., Couv. ill. ; 24 cm | ||
| 130 | _lEn | ||
| 040 | _aSupport | ||
| 041 | _bEn | ||
| 653 | 1 | _aNutrition et Sciences Alimentaires | |
| 100 | _uAbomey-Calavi, Université d'Abomey-Calavi, Faculté des Sciences Agronomiques, Bj | ||
| 020 | _a90-5808-583-X | ||
| 999 |
_c32246 _d32246 |
||